00000000nam 2200000zi 4500
0019.947495
003CaOODSP
00520250130114533
006m     o  d f      
007cr bn|||||||||
008250129e197301  oncd    ob   f000 0 eng d
040 |aCaOODSP|beng|erda|cCaOODSP
043 |an-cn---
0861 |aDR52-19/6-1973E-PDF
1001 |aForshaw, S. E., |eauthor.
24512|aA statistical survey of the hearing categories of Canadian Forces personnel / |cS. E. Forshaw.
264 1|aDownsview, Ontario : |bDefence and Civil Institute of Environmental Medicine : |bDefence Research Board, Department of National Defence, Canada, |cJanuary 1973
300 |a1 online resource (v, 54 pages) : |bgraphs.
336 |atext|btxt|2rdacontent
337 |acomputer|bc|2rdamedia
338 |aonline resource|bcr|2rdacarrier
4901 |aDCIEM report ; |vno. 876
500 |aDigitized edition from print [produced by Defence R&D Canada].
504 |aIncludes bibliographical references (page 13).
61010|aCanada. |bCanadian Armed Forces |xEmployees|xHealth risk assessment.
61016|aCanada. |bForces armées canadiennes |xPersonnel|xRisques pour la santé|xÉvaluation.
650 0|aNoise|xPhysiological effect|zCanada.
650 6|aBruit|xEffets physiologiques|zCanada.
7102 |aDefence and Civil Institute of Environmental Medicine (Canada), |eissuing body.
7101 |aCanada. |bDefence Research Board, |eissuing body.
7101 |aCanada. |bDepartment of National Defence, |eissuing body.
830#0|aDCIEM report ;|vno. 876.|w(CaOODSP)9.941842
85640|qPDF|s1.43 MB|uhttps://publications.gc.ca/collections/collection_2025/rddc-drdc/DR52-19-6-1973-eng.pdf